000 00628nam a22002297a 4500
003 OSt
005 20250807131227.0
008 240805s1999 ag ||||| |||| 00| 0 spa d
020 _a8483100932
040 _cbesoc
080 _082-31(410.1)
100 _aFischer, Tibor
_d1959-
_eautor
245 _aEl coleccionista de coleccionistas /
_cTibor Fische ; traducción de Manuel Talens.
250 _a1ª ed.
260 _aBarcelona :
_bTusquets,
_c1999.
300 _a260 p. ;
_c21 cm.
490 0 _aColección andanzas,
_v367
648 4 _aSiglo XXI
650 4 _aLiteratura inglesa
655 4 _aNovela
942 _2udc
_cLPD
_n0
999 _c288
_d288